LEADER 01245nam0-2200373---450- 001 990000500480203316 005 20090520094333.0 010 $a88-7750-732-2 035 $a0050048 035 $aUSA010050048 035 $a(ALEPH)000050048USA01 035 $a0050048 100 $a20010611d2001----km-y0itay0103----ba 101 $aita 102 $aIT 105 $a||||||||001yy 200 1 $aTrattazione della normativa penale in materia di armi, munizioni, prodotti e splodenti, caccia e tiro$fIvan Russo 210 $aTorino$cUTET libreria$dcopyr. 2001 215 $aXIV, 736 p.$d24 cm 606 0 $aArmi da fuoco$xLegislazione 606 0 $aEsplosivi$xLegislazione 676 $a344.450533 700 1$aRUSSO,$bIvan$0416380 801 0$aIT$bsalbc$gISBD 912 $a990000500480203316 951 $aXXVI.1.B 190 (IG XI 712)$b29726 G.$cXXVI.1.B 190 (IG XI)$d00074566 959 $aBK 969 $aGIU 979 $aALESSANDRA$b40$c20010611$lUSA01$h1132 979 $c20020403$lUSA01$h1658 979 $aPATRY$b90$c20040406$lUSA01$h1635 979 $aRSIAV5$b90$c20090520$lUSA01$h0943 996 $aTrattazione della normativa penale in materia di armi, munizioni, prodotti e splodenti, caccia e tiro$9887524 997 $aUNISA LEADER 01308nam a22003131i 4500 001 991001636329707536 005 20031128115732.0 008 040416s1974 it a a 000 0 ita d 035 $ab1280051x-39ule_inst 035 $aARCHE-078014$9ExL 040 $aDip.to Scienze Storiche$bita$cA.t.i. Arché s.c.r.l. Pandora Sicilia s.r.l. 082 04$a634.9 082 0 $a583.46$222 100 1 $aCongedo, Raffaele$0209536 245 13$aLa vallonea :$bnatura ed arte /$cRaffaele Congedo 260 3 $aGalatina :$bM. Congedo,$c1974 300 $a229 p., p. of plates :$bill. ;$c25 cm 440 0$aOmnia Apuliae ;$vv.1 650 4$aQuercia vallonea 650 4$aValonia oaks 650 4$aNatural history$xMediterranean region 907 $a.b1280051x$b02-04-14$c16-04-04 912 $a991001636329707536 945 $aLE002 Sal. III G 20 $g1$i2002000985637$lle002$o-$pE0.00$q-$rl$so $t0$u0$v0$w0$x0$y.i15128702$z17-05-10 945 $aLE003 583 CON01.01 (1974) (Fondo MAUS)$g1$i2003000074109$lle003$og$pE10.00$q-$rl$s- $t0$u0$v0$w0$x0$y.i15467600$z06-12-12 945 $aLE009 GEOG.14.434-151$g1$i2009000286702$lle009$o-$pE0.00$q-$rn$so $t0$u0$v0$w0$x0$y.i13347470$z16-04-04 996 $aVallonea$9294189 997 $aUNISALENTO 998 $ale002$ale009$ale003$b16-04-04$cm$da $e-$fita$git $h3$i2